[Event "XXXVII Weekend A"]
[Site "Torino ITA"]
[Date "2011.10.31"]
[Round "4"]
[White "Ferraro, Federico"]
[Black "Matta, Francesca"]
[WhiteElo "1567"]
[BlackElo "1887"]
[Result "0-1"]
[PlyCount "74"]
[EventDate "2011.10.29"]

1. e4 e5 2. Nf3 Nc6 3. Bc4 Bc5 4. Nc3 Nf6 5. d3 d6 6. Bg5 Be6 7. Bb3 Nd4 8. Nd5
Nxb3 9. axb3 Bxd5 10. exd5 O-O 11. Nd2 h6 12. Bxf6 Qxf6 13. Qf3 Qxf3 14. Nxf3
f5 15. O-O e4 16. dxe4 fxe4 17. Ne1 e3 18. Nd3 exf2+ 19. Kh1 Rae8 20. Rad1 Re2
21. c3 Rf5 22. c4 Bd4 23. Nc1 Rc2 24. g3 Bxb2 25. Kg2 Bxc1 26. Rxc1 Rxc1 27.
Rxc1 Kf7 28. Rf1 Kf6 29. Rxf2 Rxf2+ 30. Kxf2 Ke5 31. Ke3 c6 32. dxc6 bxc6 33.
b4 d5 34. Kd3 a6 35. h3 d4 36. g4 g5 37. c5 Kd5 0-1

[Event "XXXVII Weekend A"]
[Site "Torino ITA"]
[Date "2011.10.31"]
[Round "4"]
[White "Gaidano, Domenico"]
[Black "Araniti, Michelangelo"]
[WhiteElo "1491"]
[BlackElo "1765"]
[Result "0-1"]
[PlyCount "100"]
[EventDate "2011.10.29"]

1. e4 e6 2. d4 d5 3. Nd2 Nf6 4. exd5 exd5 5. Ngf3 Bg4 6. Be2 Be7 7. O-O O-O 8.
Nb3 Nbd7 9. Be3 Ne4 10. Nfd2 Bf5 11. Bf3 Bg6 12. g3 f5 13. Bf4 Bf7 14. Nb1 Bf6
15. Nc3 g5 16. Bd2 c6 17. Na4 b5 18. Nac5 Ndxc5 19. Nxc5 Nxc5 20. dxc5 Bxb2 21.
Rb1 Bf6 22. Bc1 a5 23. Bb2 a4 24. Bd4 Kg7 25. Qd2 Bxd4 26. Qxd4+ Qf6 27. c3 g4
28. Bg2 Qxd4 29. cxd4 Rae8 30. Rfe1 Kf6 31. f4 gxf3 32. Bxf3 Bg6 33. Re2 f4 34.
Rbe1 fxg3 35. hxg3 Rxe2 36. Rxe2 Re8 37. Rf2 Kg5 38. Kg2 h5 39. Re2 Rxe2+ 40.
Bxe2 h4 41. gxh4+ Kxh4 42. Kf2 Bc2 43. Bxb5 cxb5 44. Ke3 Kg5 45. Kd2 Bf5 46.
Kc3 Bd7 47. Kb4 Kf4 48. Ka5 Ke4 49. Kb6 b4 50. c6 Bxc6 0-1

[Event "XXXVII Weekend A"]
[Site "Torino ITA"]
[Date "2011.10.31"]
[Round "4"]
[White "Grinza, Andrea"]
[Black "Gallucci, Alessio"]
[WhiteElo "2153"]
[BlackElo "2227"]
[Result "0-1"]
[PlyCount "56"]
[EventDate "2011.10.29"]

1. d4 Nf6 2. c4 e6 3. g3 Bb4+ 4. Bd2 Be7 5. Bg2 d5 6. Nf3 O-O 7. O-O b6 8. cxd5
exd5 9. Qc2 Ne4 10. Bf4 c5 11. Rd1 Bf5 12. g4 Nxf2 13. gxf5 Nxd1 14. Qxd1 Nc6
15. e3 Qd7 16. Nc3 Qxf5 17. Nxd5 Rad8 18. Ne5 Bg5 19. Nxc6 Rxd5 20. Qf3 Rd7 21.
Qh5 f6 22. d5 Rff7 23. Rd1 Qc2 24. Bxg5 fxg5 25. Ne5 g6 26. Qg4 h5 27. Qf3 Rxf3
28. Bxf3 g4 0-1

[Event "XXXVII Weekend A"]
[Site "Torino ITA"]
[Date "2011.10.31"]
[Round "4"]
[White "Zanatta, Aldo"]
[Black "Fassio, Luca"]
[WhiteElo "1646"]
[BlackElo "2101"]
[Result "0-1"]
[PlyCount "56"]
[EventDate "2011.10.29"]

1. d4 g6 2. c4 Bg7 3. Nc3 d6 4. e4 Nf6 5. Nf3 O-O 6. Be2 c5 7. O-O Nc6 8. d5
Na5 9. Nd2 e6 10. a3 exd5 11. exd5 b6 12. Re1 a6 13. Bd3 Rb8 14. Rb1 b5 15.
cxb5 axb5 16. Bxb5 Nxd5 17. Nxd5 Rxb5 18. b4 Nc6 19. Qa4 Nd4 20. Ne7+ Kh8 21.
Nxc8 Qxc8 22. Nc4 Qg4 23. Kh1 Nf3 24. gxf3 Qxf3+ 25. Kg1 Qg4+ 26. Kh1 Qxc4 27.
Be3 Rfb8 28. Bd2 Qd5+ 0-1

[Event "XXXVII Weekend A"]
[Site "Torino ITA"]
[Date "2011.11.01"]
[Round "5"]
[White "Blundo, Michele"]
[Black "Gaidano, Domenico"]
[WhiteElo "1712"]
[BlackElo "1491"]
[Result "0-1"]
[PlyCount "78"]
[EventDate "2011.10.29"]

1. d4 Nf6 2. c4 d5 3. Nc3 c6 4. cxd5 cxd5 5. Nf3 Nc6 6. Bf4 Qb6 7. Na4 Qa5+ 8.
Bd2 Qc7 9. Nc3 Bf5 10. Rc1 a6 11. e3 e6 12. Be2 Bd6 13. O-O O-O 14. h3 h6 15.
Ne5 Bxe5 16. dxe5 Qxe5 17. f4 Qd6 18. g4 Be4 19. Nxe4 Nxe4 20. Rf3 Rfe8 21. Be1
Rac8 22. Bd3 Nf6 23. g5 hxg5 24. fxg5 Nd7 25. g6 f6 26. Rf4 Qe5 27. Qe2 Nd4 28.
Qd2 Qg5+ 29. Kh1 Nc6 30. Qf2 Nde5 31. Bb1 Nxg6 32. Rg4 Qh6 33. Rxg6 Qxh3+ 34.
Kg1 Ne5 35. Rg3 Ng4 36. Rxh3 Nxf2 37. Rxc8 Nxh3+ 38. Kh2 Rxc8 39. Kxh3 Rc1 0-1

[Event "XXXVII Weekend A"]
[Site "Torino ITA"]
[Date "2011.11.01"]
[Round "5"]
[White "Brugnoli, Flavio"]
[Black "Cortese, Alessandro"]
[WhiteElo "1890"]
[BlackElo "2003"]
[Result "1/2-1/2"]
[PlyCount "105"]
[EventDate "2011.10.29"]

1. e4 e6 2. d4 d5 3. Nc3 Bb4 4. e5 c5 5. Bd2 Ne7 6. Nb5 Bxd2+ 7. Qxd2 O-O 8. f4
Nf5 9. dxc5 Nd7 10. b4 f6 11. Nf3 fxe5 12. fxe5 Nh4 13. O-O-O Nxf3 14. gxf3
Nxe5 15. f4 Ng6 16. f5 Rxf5 17. Bd3 Qf6 18. Kb1 Rf2 19. Qe3 Qf4 20. Qxf4 Rxf4
21. a3 Bd7 22. Rhf1 Bxb5 23. Bxb5 Raf8 24. Rxf4 Nxf4 25. c4 Kf7 26. cxd5 Nxd5
27. Rf1+ Ke7 28. Rxf8 Kxf8 29. Bd7 Ke7 30. Bc8 b6 31. Kc2 g5 32. Kd3 bxc5 33.
bxc5 Nc7 34. Ke4 Kf6 35. a4 h5 36. h3 a5 37. Bb7 g4 38. hxg4 hxg4 39. Kf4 g3
40. Kxg3 Ke5 41. Kf3 Kd4 42. Kf4 Nd5+ 43. Kf3 e5 44. c6 e4+ 45. Ke2 e3 46. Ba6
Ke4 47. Bd3+ Kd4 48. Ba6 Nc3+ 49. Ke1 Nxa4 50. c7 Nb6 51. c8=Q Nxc8 52. Bxc8 a4
53. Be6 1/2-1/2

[Event "XXXVII Weekend A"]
[Site "Torino ITA"]
[Date "2011.11.01"]
[Round "5"]
[White "Buffa Sabarino, Pietro"]
[Black "Araniti, Michelangelo"]
[WhiteElo "1539"]
[BlackElo "1765"]
[Result "1/2-1/2"]
[PlyCount "93"]
[EventDate "2011.10.29"]

1. e4 e6 2. d4 d5 3. exd5 exd5 4. c4 Nf6 5. Nc3 c6 6. Nf3 h6 7. Be3 Qa5 8. a3
dxc4 9. Bxc4 b5 10. Bd3 Be6 11. O-O Be7 12. Ne5 Qc7 13. Bf4 Qb7 14. Qf3 a6 15.
Rac1 Nd5 16. Be4 Bf6 17. Rc2 O-O 18. Rfc1 Bxe5 19. Bxe5 Nd7 20. Nxd5 Nxe5 21.
Ne7+ Qxe7 22. dxe5 Bd7 23. Re2 Qg5 24. Qe3 Rac8 25. Qxg5 hxg5 26. h3 Rc7 27.
Rc5 Rfc8 28. Re3 Kf8 29. Rg3 f6 30. exf6 gxf6 31. Rf3 Ke7 32. Rd3 a5 33. b4 a4
34. Kf1 Be6 35. Re3 Kd6 36. Rd3+ Ke7 37. Re3 Kd6 38. Rf3 Ke7 39. Bf5 Rd8 40.
Re3 Rd6 41. Bxe6 Rxe6 42. Rxe6+ Kxe6 43. Ke2 Kd6 44. Kf3 Re7 45. Rf5 Ke6 46.
Rc5 Kd6 47. Rf5 1/2-1/2

[Event "XXXVII Weekend A"]
[Site "Torino ITA"]
[Date "2011.11.01"]
[Round "5"]
[White "Christen, Peter Walter"]
[Black "Ferraro, Federico"]
[WhiteElo "1609"]
[BlackElo "1567"]
[Result "1/2-1/2"]
[PlyCount "40"]
[EventDate "2011.10.29"]

1. e4 e5 2. Nf3 Nc6 3. Bc4 Nd4 4. O-O Nxf3+ 5. Qxf3 Qf6 6. Qxf6 Nxf6 7. Nc3 Bc5
8. d3 d6 9. h3 c6 10. a3 b5 11. Ba2 a5 12. Be3 Ba7 13. Ne2 O-O 14. Bxa7 Rxa7
15. f4 Bd7 16. fxe5 dxe5 17. g4 Rfa8 18. Kh2 Be8 19. Rf2 Nd7 20. Raf1 Nc5
1/2-1/2

[Event "XXXVII Weekend A"]
[Site "Torino ITA"]
[Date "2011.11.01"]
[Round "5"]
[White "Fassio, Luca"]
[Black "Cacinschi, Alexandru"]
[WhiteElo "2101"]
[BlackElo "1989"]
[Result "0-1"]
[PlyCount "118"]
[EventDate "2011.10.29"]

1. e4 e6 2. d4 d5 3. Nd2 c5 4. exd5 exd5 5. Ngf3 Nf6 6. Bb5+ Bd7 7. Qe2+ Be7 8.
O-O O-O 9. dxc5 Bxc5 10. Bxd7 Qxd7 11. Nb3 Bb6 12. Bg5 Re8 13. Qd3 Ne4 14. Rad1
Nc6 15. c3 h6 16. Bh4 g5 17. Bg3 Rad8 18. Nfd4 f5 19. h4 f4 20. Bh2 Ne5 21. Qe2
Ng4 22. Qf3 Nxh2 23. Kxh2 g4 24. Qd3 g3+ 25. fxg3 fxg3+ 26. Kh1 Qg4 27. Nf5 Re6
28. Rde1 Nf2+ 29. Rxf2 Rxe1+ 30. Rf1 Rxf1+ 31. Qxf1 Kh7 32. Qf3 Qxf3 33. gxf3
Rf8 34. Nbd4 Kg6 35. Ne7+ Kh5 36. Kg2 Bxd4 37. cxd4 Rf7 38. Nxd5 Kxh4 39. Ne3
Rc7 40. d5 Rc8 41. d6 Rd8 42. Nf5+ Kg5 43. Nxg3 Kf6 44. Ne4+ Ke5 45. Kg3 Rxd6
46. Nxd6 Kxd6 47. Kf4 Ke6 48. Ke4 h5 49. Kf4 Kf6 50. Ke4 a6 51. b4 b6 52. Kf4
b5 53. Ke4 Kg5 54. Ke5 h4 55. f4+ Kh6 56. f5 h3 57. f6 h2 58. f7 Kg7 59. Ke6
h1=Q 0-1

[Event "XXXVII Weekend A"]
[Site "Torino ITA"]
[Date "2011.11.01"]
[Round "5"]
[White "Gallucci, Alessio"]
[Black "Macheda, Andrea"]
[WhiteElo "2227"]
[BlackElo "1915"]
[Result "1-0"]
[PlyCount "49"]
[EventDate "2011.10.29"]

1. c4 Nf6 2. Nc3 c5 3. Nf3 Nc6 4. g3 e6 5. Bg2 a6 6. O-O Qc7 7. b3 Be7 8. Bb2
O-O 9. Rc1 Rb8 10. d4 cxd4 11. Nxd4 Bc5 12. e3 d6 13. Nxc6 bxc6 14. Na4 Ba7 15.
Qf3 Qe7 16. c5 dxc5 17. Ba3 e5 18. Qxc6 Bb7 19. Bxc5 Bxc6 20. Bxe7 Bxg2 21.
Kxg2 Rfe8 22. Bxf6 gxf6 23. Rc6 Re6 24. Rxe6 fxe6 25. Rc1 1-0

[Event "XXXVII Weekend A"]
[Site "Torino ITA"]
[Date "2011.11.01"]
[Round "5"]
[White "Grinza, Andrea"]
[Black "Davi, Alessandro"]
[WhiteElo "2153"]
[BlackElo "2057"]
[Result "1-0"]
[PlyCount "67"]
[EventDate "2011.10.29"]

1. d4 d5 2. c4 c6 3. Nf3 Nf6 4. e3 e6 5. b3 Nbd7 6. Bb2 Bd6 7. Bd3 O-O 8. O-O
Re8 9. Ne5 Nf8 10. Nd2 N6d7 11. f4 f5 12. g4 Bxe5 13. dxe5 Nc5 14. Be2 g6 15.
Ba3 Qb6 16. gxf5 gxf5 17. Kh1 Ng6 18. Rg1 Kf7 19. Rg2 a5 20. Qc2 a4 21. cxd5
Ne4 22. Nxe4 fxe4 23. d6 axb3 24. Qxb3 Qa5 25. Bb4 Qa7 26. Bh5 Qa4 27. Qc4 c5
28. f5 Rg8 29. fxg6+ hxg6 30. Qf1+ Ke8 31. Rxg6 Rxg6 32. Bxg6+ Kd7 33. Qf7+ Kc6
34. Qc7+ 1-0

[Event "XXXVII Weekend A"]
[Site "Torino ITA"]
[Date "2011.11.01"]
[Round "5"]
[White "Tondo, Stefano"]
[Black "Matta, Francesca"]
[WhiteElo "1502"]
[BlackElo "1887"]
[Result "0-1"]
[PlyCount "95"]
[EventDate "2011.10.29"]

1. e4 e5 2. Nf3 Nc6 3. d4 exd4 4. Nxd4 Bc5 5. Be3 Qf6 6. c3 Nge7 7. Bc4 O-O 8.
O-O Bb6 9. f4 d6 10. Qd2 Qg6 11. f5 Qf6 12. Nf3 Bxe3+ 13. Qxe3 b6 14. Nbd2 Bb7
15. Qe2 Rad8 16. Bd5 Rfe8 17. Qc4 Rd7 18. g4 Nxd5 19. exd5 Ne5 20. Qd4 Nxf3+
21. Nxf3 Qxd4+ 22. Nxd4 Bxd5 23. Rfe1 Rde7 24. Rxe7 Rxe7 25. Kf2 a6 26. a3 f6
27. Re1 Re5 28. Re3 Kf7 29. Nf3 Rxe3 30. Kxe3 Bxf3 31. Kxf3 d5 32. c4 c6 33.
cxd5 cxd5 34. b4 Ke7 35. Ke3 Kd6 36. Kd4 Kc6 37. a4 b5 38. a5 Kd6 39. h3 Kc6
40. Ke3 Kd7 41. Kd3 Ke7 42. Ke3 g5 43. fxg6 hxg6 44. h4 f5 45. gxf5 gxf5 46. h5
Kf6 47. Kf4 d4 48. h6 0-1

[Event "XXXVII Weekend A"]
[Site "Torino ITA"]
[Date "2011.11.01"]
[Round "6"]
[White "Araniti, Michelangelo"]
[Black "Cortese, Alessandro"]
[WhiteElo "1765"]
[BlackElo "2003"]
[Result "0-1"]
[PlyCount "84"]
[EventDate "2011.10.29"]

1. Nc3 d5 2. e4 d4 3. Nce2 c5 4. d3 Nc6 5. f4 e5 6. Nf3 Bd6 7. g3 Nf6 8. Bg2 h5
9. fxe5 Nxe5 10. Bg5 Qb6 11. b3 Nxf3+ 12. Bxf3 Bh3 13. Nf4 Bxf4 14. Bxf4 Ng4
15. Qe2 a5 16. a4 O-O 17. Bg2 Bxg2 18. Qxg2 Qc6 19. O-O b5 20. axb5 Qxb5 21.
Ra4 Rfe8 22. Qf3 Qd7 23. Bd2 g6 24. h3 Ne5 25. Qg2 Nc6 26. Kh2 Re6 27. Rfa1 Qc7
28. Qg1 Nb4 29. Bf4 Qd8 30. Qg2 g5 31. Bc1 g4 32. h4 Nc6 33. Bg5 Qe8 34. Bd2 f5
35. Re1 Ne5 36. Re2 Nf3+ 37. Kh1 fxe4 38. dxe4 Rxe4 39. Rf2 Ra7 40. Rxf3 gxf3
41. Qxf3 Rf7 42. Qd3 Re1+ 0-1

[Event "XXXVII Weekend A"]
[Site "Torino ITA"]
[Date "2011.11.01"]
[Round "6"]
[White "Brugnoli, Flavio"]
[Black "Gallucci, Alessio"]
[WhiteElo "1890"]
[BlackElo "2227"]
[Result "0-1"]
[PlyCount "79"]
[EventDate "2011.10.29"]

1. e4 c5 2. Nf3 d6 3. Nc3 Nf6 4. e5 dxe5 5. Nxe5 a6 6. g3 Qc7 7. d4 cxd4 8.
Qxd4 Nc6 9. Nxc6 Qxc6 10. Bg5 Bg4 11. Bxf6 Qe6+ 12. Be2 Bxe2 13. Nxe2 Rd8 14.
Qc3 Qxf6 15. Qxf6 gxf6 16. Rd1 e6 17. Rxd8+ Kxd8 18. O-O f5 19. Rd1+ Kc7 20. c3
Bc5 21. b4 Be7 22. a4 Rd8 23. Rxd8 Bxd8 24. f4 Kc6 25. c4 Bf6 26. Kf2 a5 27.
bxa5 Kc5 28. Ke3 Kxc4 29. Nc1 Bd4+ 30. Kd2 Bc3+ 31. Ke3 Bxa5 32. Nd3 Bb6+ 33.
Ke2 Bd4 34. h3 Kb3 35. a5 Ka4 36. g4 Kxa5 37. gxf5 exf5 38. Kd2 Kb5 39. Ne1 Kc4
40. Nf3 0-1

[Event "XXXVII Weekend A"]
[Site "Torino ITA"]
[Date "2011.11.01"]
[Round "6"]
[White "Buffa Sabarino, Pietro"]
[Black "Tondo, Stefano"]
[WhiteElo "1539"]
[BlackElo "1502"]
[Result "1-0"]
[PlyCount "25"]
[EventDate "2011.10.29"]

1. e4 d5 2. exd5 Qxd5 3. Nc3 Qd6 4. Nf3 Nf6 5. d4 c6 6. Be3 Bg4 7. Be2 Nbd7 8.
h3 Be6 9. O-O g6 10. Qd2 Bg7 11. Rad1 O-O 12. a3 a5 13. Bf4 1-0

[Event "XXXVII Weekend A"]
[Site "Torino ITA"]
[Date "2011.11.01"]
[Round "6"]
[White "Cacinschi, Alexandru"]
[Black "Grinza, Andrea"]
[WhiteElo "1989"]
[BlackElo "2153"]
[Result "1/2-1/2"]
[PlyCount "49"]
[EventDate "2011.10.29"]

1. Nf3 Nf6 2. c4 e6 3. d4 c5 4. g3 d5 5. cxd5 Nxd5 6. Bg2 Nc6 7. O-O Be7 8.
dxc5 Bxc5 9. e4 Ndb4 10. Qxd8+ Nxd8 11. Nc3 O-O 12. Rd1 Ndc6 13. Bf4 Nc2 14.
Rac1 N2d4 15. Nxd4 Bxd4 16. Nb5 e5 17. Nxd4 Nxd4 18. Kf1 Bg4 19. Bxe5 Be2+ 20.
Ke1 Bxd1 21. Bxd4 Ba4 22. e5 Rad8 23. Bxa7 Rfe8 24. Be3 Rxe5 25. Bxb7 1/2-1/2

[Event "XXXVII Weekend A"]
[Site "Torino ITA"]
[Date "2011.11.01"]
[Round "6"]
[White "Gaidano, Domenico"]
[Black "Zanatta, Aldo"]
[WhiteElo "1491"]
[BlackElo "1646"]
[Result "1-0"]
[PlyCount "94"]
[EventDate "2011.10.29"]

1. e4 e5 2. Nf3 Nc6 3. Bb5 Nf6 4. O-O Be7 5. Re1 d6 6. c3 Bd7 7. d4 a6 8. Ba4
b5 9. Bb3 Na5 10. Bc2 Bg4 11. b4 Nb7 12. Bb3 O-O 13. Bg5 c5 14. Bxf6 Bxf6 15.
Bd5 Rb8 16. dxc5 dxc5 17. Nbd2 cxb4 18. cxb4 Nd6 19. Qb3 Qe7 20. a3 Rbc8 21. h3
Be6 22. Bxe6 Qxe6 23. Qxe6 fxe6 24. Nb3 Nc4 25. Nc5 Rfd8 26. Nxa6 Ra8 27. Nc5
Rxa3 28. Nxe6 Rda8 29. Rad1 R3a7 30. Rd5 Rb8 31. Nc5 Nb6 32. Rd3 Kf7 33. Red1
Rba8 34. Nd2 Ra1 35. Nb1 R8a7 36. Nc3 Rxd1+ 37. Rxd1 Be7 38. Nxb5 Ra2 39. Nc3
Rc2 40. Nd5 Nxd5 41. Rxd5 Bxc5 42. bxc5 Ke6 43. f3 h5 44. h4 g6 45. Kh2 Rc3 46.
Rd6+ Ke7 47. Rxg6 Rxc5 1-0

[Event "XXXVII Weekend A"]
[Site "Torino ITA"]
[Date "2011.11.01"]
[Round "6"]
[White "Matta, Francesca"]
[Black "Davi, Alessandro"]
[WhiteElo "1887"]
[BlackElo "2057"]
[Result "0-1"]
[PlyCount "180"]
[EventDate "2011.10.29"]

1. d4 d5 2. c4 c6 3. Nf3 Nf6 4. Nc3 e6 5. e3 Nbd7 6. cxd5 exd5 7. Bd3 Bd6 8.
O-O O-O 9. a3 Qe7 10. Qc2 Re8 11. Nd2 Nf8 12. b4 Ng6 13. Bb2 Ng4 14. Nf3 Nh4
15. Ne5 Bxe5 16. dxe5 Nxe5 17. Bxh7+ Kh8 18. Ne2 Nhf3+ 19. gxf3 Nxf3+ 20. Kg2
Qg5+ 21. Ng3 Qg4 22. Rh1 Nh4+ 23. Kf1 Qh3+ 24. Ke2 f5 25. Bxf5 Bxf5 26. Nxf5
Qf3+ 27. Kd3 Qxf5+ 28. Kc3 Re4 29. Kb3 Nf3 30. Rad1 a5 31. Qc3 Qf7 32. Qd3 Qe7
33. Bc3 a4+ 34. Kb2 Rf8 35. Qc2 Ne5 36. Rhg1 Rf7 37. Rg2 Nf3 38. Qe2 Qf8 39.
Rg3 d4 40. Bxd4 Nxd4 41. Qh5+ Kg8 42. Rxd4 Rxf2+ 43. Kc3 Rxd4 44. exd4 Qf7 45.
Qxf7+ Kxf7 46. h3 b5 47. d5 cxd5 48. Kd4 Rb2 49. Rg5 Rb3 50. h4 Rxa3 51. Rxd5
Rh3 52. h5 Rb3 53. Rxb5 a3 54. Kc4 Rb2 55. Ra5 a2 56. b5 Ke6 57. b6 Rxb6 58.
Rxa2 Rd6 59. Rh2 Kf5 60. Rg2 Rd7 61. Rg1 Kf6 62. Rg6+ Kf7 63. Rg5 Rd6 64. Kc5
Rd1 65. Rf5+ Kg8 66. Rg5 Kh7 67. Kc4 Rd7 68. Rg6 Rf7 69. Rg5 Kh6 70. Re5 Rd7
71. Rf5 Rd1 72. Re5 Rh1 73. Kd4 Rxh5 74. Re6+ g6 75. Ke4 Rf5 76. Ra6 Rf1 77.
Ra3 Kh5 78. Rh3+ Kg4 79. Re3 g5 80. Re2 Kh4 81. Rh2+ Kg3 82. Rh8 g4 83. Rg8 Kh3
84. Ra8 g3 85. Rh8+ Kg2 86. Rg8 Rf7 87. Ke3 Re7+ 88. Kf4 Kf2 89. Rf8 g2 90.
Kg4+ Ke1 0-1